00306nam a2200121Ia 4500008004100000041001200041082001600053100001200069245003700081260003800118300001000156650001800166221030s9999 xx 000 0 und d aEnglish a105.23bAga aAgarwal 0aManagerial Economicscby Agarwal bFoundation BooksaNew Delhic1997 a16.12 aBE Management